| 000 | 01742cam a2200409 4500 | ||
|---|---|---|---|
| 003 | PE-LiUPU | ||
| 005 | 20250731183437.0 | ||
| 020 | _a1584710934 | ||
| 035 | _a(Sirsi) i9781584710936 | ||
| 035 | _a(Sirsi) 48393 | ||
| 035 | _a(Sirsi) 48393 | ||
| 041 | _aen | ||
| 044 | _aus | ||
| 082 | 0 | 4 |
_a725.51 _bH3 |
| 245 |
_aHealthcare space : _bn3 / _ceditado por Roger Yee. |
||
| 264 | 1 |
_aNew York : _bVisual Reference Publications, _c2006 |
|
| 300 |
_a295 páginas : _bilustraciones ; _c30 cm. |
||
| 505 | 0 | _aAnderson mikos architects ltd -- Array healthcare facilities solutions -- Ballinger -- BSA lifestructures -- Cama , inc -- Cannon design -- Champlin / Haupt architects -- Earl swesson associates, inc -- Fkp architects, inc -- Francis Cauffman Fo | |
| 526 | _aP158 | ||
| 526 | _aP146 | ||
| 526 | _aP17 | ||
| 526 | _aP12 | ||
| 526 | _aP06 | ||
| 650 | 1 | 4 |
_aHospitales _xDiseño y construcción |
| 650 | 1 | 4 |
_aHospitales _xArquitectura _zEstados Unidos |
| 650 | 1 | 4 |
_aEstablecimientos de salud _zEstados Unidos _xDiseño y construcción |
| 650 | 1 | 4 |
_aServicios de salud _xDecoración _zEstados Unidos |
| 700 | 1 |
_aYee, Roger _eed. |
|
| 773 |
_aHealthcare spaces _gn3 _dNew York : Visual Reference Publications, c2006 _aeditado por Roger Yee |
||
| 942 |
_2ddc _cBOOK |
||
| 949 |
_a725.51 H3 _i66338 _lCCODEBUL1 _mBUL _tLIBRO _o.STAFF. Colección general |
||
| 859 |
_q66338 _h725.51 _iH3 |
||
| 910 |
_afsr _b _cjck _d20130108 |
||
| 596 | _a1 | ||
| 999 |
_a725.51 H3 _wDEWEY _c54599 _i66338 _d54599 _f2021-11-10 _g7 _lCCODEBUL1 _mBUL _p75.00 _q3 _r0 _sY _tBOOK _u2015-7-6 _xINGENIERIA _PP06 _0COMPRA _o.STAFF. Colección General |
||
| 980 |
_81 _gALBERTO SANCHEZ Responsable de Automatización |
||